[Event "FRA-ch Blitz Online Qual"]
[Site "Europe Echecs INT"]
[Date "2020.05.16"]
[Round "7"]
[White "Berthaut, Alexandre"]
[Black "Flores, Christophe"]
[Result "1-0"]
[WhiteElo "1924"]
[BlackElo "1332"]
[PlyCount "43"]
[EventDate "2020.05.16"]
[EventType "swiss (blitz)"]
[EventRounds "15"]
[EventCountry "FRA"]
[SourceTitle "CBM 196 Extra"]
[Source "ChessBase"]
[SourceDate "2020.07.31"]
[SourceVersion "1"]
[SourceVersionDate "2020.07.31"]
[SourceQuality "1"]

1. e4 Nc6 2. Nf3 f5 3. exf5 d5 4. d4 Bxf5 5. Bb5 e6 6. 0-0 Bd6 7. Bg5 Nf6 8. Ne5 0-0 9. Bxc6 bxc6 10. Nxc6 Qd7 11. Ne5 Bxe5 12. dxe5 Ne4 13. Be3 c5 14. c3 Rab8 15. Qe2 d4 16. cxd4 cxd4 17. Rd1 Qc7 18. Bxd4 Rbd8 19. Nc3 Qf7 20. Nxe4 Bxe4 21. Qxe4 Rxd4 22. Qxd4 1-0

[Event "FRA-ch Blitz Online Qual"]
[Site "Europe Echecs INT"]
[Date "2020.05.16"]
[Round "14"]
[White "Flores, Christophe"]
[Black "Frazao, Pascal"]
[Result "1-0"]
[WhiteElo "1332"]
[BlackElo "1165"]
[PlyCount "81"]
[EventDate "2020.05.16"]
[EventType "swiss (blitz)"]
[EventRounds "15"]
[EventCountry "FRA"]
[SourceTitle "CBM 196 Extra"]
[Source "ChessBase"]
[SourceDate "2020.07.31"]
[SourceVersion "1"]
[SourceVersionDate "2020.07.31"]
[SourceQuality "1"]

1. e4 e5 2. Nf3 d6 3. d4 Nc6 4. dxe5 dxe5 5. Qxd8+ Nxd8 6. Nxe5 Bb4+ 7. c3 Bd6 8. Nf3 Nf6 9. e5 Bxe5 10. Nxe5 0-0 11. Bc4 Ne6 12. 0-0 b6 13. Be3 a5 14. Nd2 Rd8 15. Rad1 Ba6 16. Bxa6 Rxa6 17. Nc6 Re8 18. Nd4 Nxd4 19. Bxd4 Raa8 20. Rfe1 Rf8 21. Nf3 Nd5 22. Ne5 f6 23. Nf3 Rad8 24. Nh4 c5 25. Be3 Nxe3 26. fxe3 Rxd1 27. Rxd1 Re8 28. Re1 Re4 29. Nf5 g6 30. Nd6 Ra4 31. a3 Rg4 32. h3 Rg5 33. Kf2 Rd5 34. Nc4 Rf5+ 35. Ke2 Rg5 36. g4 f5 37. gxf5 Rxf5 38. Nxb6 g5 39. Rf1 Re5 40. Nc4 Re7 41. Nxa5 1-0

[Event "FRA-ch Blitz Online Qual"]
[Site "Europe Echecs INT"]
[Date "2020.05.16"]
[Round "15"]
[White "Mirguet, Vladislav"]
[Black "Flores, Christophe"]
[Result "0-1"]
[WhiteElo "1073"]
[BlackElo "1332"]
[PlyCount "66"]
[EventDate "2020.05.16"]
[EventType "swiss (blitz)"]
[EventRounds "15"]
[EventCountry "FRA"]
[SourceTitle "CBM 196 Extra"]
[Source "ChessBase"]
[SourceDate "2020.07.31"]
[SourceVersion "1"]
[SourceVersionDate "2020.07.31"]
[SourceQuality "1"]

1. d4 Nf6 2. c4 g6 3. Nc3 Bg7 4. Bg5 0-0 5. e3 d6 6. Nf3 Nbd7 7. Bd3 e5 8. Bxf6 Bxf6 9. 0-0 Re8 10. Nd5 Bg7 11. g3 c6 12. Nc3 Nf6 13. Ne4 Nxe4 14. Bxe4 f5 15. Bd3 e4 16. Bxe4 fxe4 17. Nd2 d5 18. c5 Bh3 19. Re1 Qf6 20. Qb3 Re7 21. Qd1 Rf7 22. Re2 Bg4 23. f3 Bxf3 24. Nxf3 exf3 25. Rf2 Raf8 26. Qa4 Bh6 27. Re1 Re8 28. Qxa7 Bxe3 29. Rxe3 Rxe3 30. Qb8+ Kg7 31. b3 Re1+ 32. Rf1 Qxd4+ 33. Kh1 Rxf1# 0-1